000 00734nam a2200217 i 4500
001 110542
003 ES-MaACL
005 20240229063318.0
007 t|
008 070131s1926 fr ||||1| fre d
080 _a929 Mata Hari
100 1 _aGómez Carrillo, Enrique,
_d1873-1927
_957861
245 1 3 _aLe mystère de la vie et de la mort de Mata Hari /
_cE. Gómez Carrillo ; traduit de l'espagnol par CH. Barthez.
260 _aParis :
_bCharpentier et Fasquelle,
_c1926.
300 _a229 p., [1] h. de lám. ;
_c19 cm.
500 _aBiblioteca Jacinto Martínez Lacalle.
600 1 4 _aMata Hari.
_978892
700 1 _aBarthez, Ch.
_926128
852 _aES-MaACL
_jE-11565
_bR.139611
999 _c110542
_d110542